000 00689nam a2200241Ia 4500
005 20260121111837.0
008 1288 260114s9999 xx 000 0 eng d
020 _a9789812774026
037 _aEBOOK
040 _aCRL
_beng
_cCRL
041 _aeng
_2eng
084 _qCRL
100 _aWallace Dorothy & Belbruno Joseph J
_9948199
245 0 _aBell That Rings Light, the: a Primer in Quantum Mechanics and Chemical Bonding
260 _bWorld Scientific
260 _bWSPC
260 _c2006
650 _aChemistry
_9948200
856 _uhttps://www.worldscientific.com/worldscibooks/10.1142/6061#t=toc
942 _cEBOOK
999 _c1538588
_d1538588